Construir la revolución. Arte y arquitectura en Rusia 1915-1935.
Guardat en:
| Autor principal: | |
|---|---|
| Altres autors: | , , , , |
| Format: | Desconegut |
| Publicat: |
Barcelona, España:
Fundación "la Caixa"; TURNER,
2011.
|
| Matèries: | |
| Etiquetes: |
Afegir etiqueta
Sense etiquetes, Sigues el primer a etiquetar aquest registre!
|
MARC
| LEADER | 00000 a2200000 4500 | ||
|---|---|---|---|
| 003 | CL-VaPUC | ||
| 005 | 20230503165459.0 | ||
| 008 | 230418t2011 ||||| |||| 00| 0 eng d | ||
| 999 | |c 440392 |d 440390 | ||
| 020 | |a 9788475069715 | ||
| 040 | |c Pontificia Universidad Católica de Valparaíso | ||
| 082 | 0 | 7 | |2 22 |a 709.47 AME 2011 |
| 100 | 1 | |a Ametova, María |e autora |9 881570 | |
| 245 | 1 | 0 | |a Construir la revolución. |b Arte y arquitectura en Rusia 1915-1935. |
| 260 | |a Barcelona, España: |b Fundación "la Caixa"; |b TURNER, |c 2011. | ||
| 300 | |a 270 páginas; |b ilustraciones. | ||
| 583 | |k Catalogador Asistente |c 20230418 | ||
| 650 | 1 | |a Arquitectura rusa |y Siglo 20 |x Obras ilustradas |9 881663 | |
| 650 | 1 | |a Arte ruso |y Siglo 20 |x Exposiciones |9 881664 | |
| 650 | 1 | |a Arquitectura moderna |x Historia de Rusia |y Siglo 20 |x Exposiciones |9 881665 | |
| 650 | 1 | |a Arte moderno |x Historia de Rusia |y Siglo 20 |x Exposiciones |9 881666 | |
| 650 | 1 | |a Vanguardismo (Estética) |x Historia de Rusia |y Siglo 20 |x Obras ilustradas |9 881667 | |
| 650 | 1 | |a Constructivismo (Arquitectura) |x Historia de Rusia |y Siglo 20 |x Catálogos |9 881668 | |
| 700 | |a Cohen, Jean-Louis |e autor |9 881571 | ||
| 700 | |a Lodder, Christina |e autora |9 881572 | ||
| 700 | |a Pare, Richard |e autor |9 881573 | ||
| 700 | |a Rogozina, Maria |e autora |9 881574 | ||
| 700 | |a Tsantsanoglu, Maria |e autora |9 881575 | ||
| 942 | |2 ddc |c BK | ||
| 952 | |0 0 |1 0 |2 ddc |4 0 |6 709_470000000000000_AME_2011 |7 0 |8 A |9 589657 |a BIBART |b BIBART |c GEN |d 2023-04-14 |e 159 |g 40900.00 |i 5657178 |o 709.47 AME 2011 |p 5657178 |r 2025-03-13 |t 1 |v 40900.00 |w 2023-04-14 |y BK |k ART | ||